00339nam a2200133Ia 4500008004100000020001500041041001200056082001600068100002500084245004400109260002900153300000800182650001500190221030s9999 xx 000 0 und d a8185674698 aEnglish a105.23bDil aR. L. Dilenschneider 4aThe Dartnell Public Relations Hand Book bUBS PubaNew Delhic1990 a875 aManagement